00330nam a2200133Ia 4500008004100000020001800041041000800059082001000067100002100077245004200098250001100140260002900151650001600180260624s2022 xx 000 0 und d a9780323612111 aeng a616.5 aJashin Wolverton aCompernsive Dermatologic Drug Therapy a4th ed bElsevier, Pub.2022c2022 aDermatology